[Event "GRE-ch U14"]
[Site "Patras"]
[Date "2021.08.31"]
[Round "2"]
[White "Magklaras, Panagiotis"]
[Black "Panagopoulos, Christos Panagiotis"]
[Result "1-0"]
[WhiteElo "1525"]
[BlackElo "1133"]
[PlyCount "43"]
[EventDate "2021.08.30"]
[EventType "swiss"]
[EventRounds "9"]
[EventCountry "GRE"]
[SourceTitle "EXT 2022"]
[Source "ChessBase"]
[SourceDate "2021.10.06"]
[SourceVersion "1"]
[SourceVersionDate "2021.10.06"]
[SourceQuality "1"]

1. e4 c5 2. Nf3 d6 3. d4 cxd4 4. Nxd4 Nf6 5. Nc3 g6 6. Be3 Bg7 7. f3 0-0 8. Bc4 Nc6 9. Qd2 Bd7 10. h4 h5 11. 0-0-0 Rc8 12. Bb3 Ne5 13. g4 hxg4 14. h5 Nxh5 15. Bh6 Nc4 16. Bxc4 Rxc4 17. Bxg7 Kxg7 18. Rxh5 gxh5 19. Qg5+ Kh7 20. Qxh5+ Kg7 21. Qg5+ Kh7 22. Rh1# 1-0

[Event "GRE-ch U14"]
[Site "Patras"]
[Date "2021.08.30"]
[Round "1"]
[White "Poupalos, Nikolaos"]
[Black "Magklaras, Panagiotis"]
[Result "1-0"]
[WhiteElo "2005"]
[BlackElo "1525"]
[PlyCount "75"]
[EventDate "2021.08.30"]
[EventType "swiss"]
[EventRounds "9"]
[EventCountry "GRE"]
[SourceTitle "EXT 2022"]
[Source "ChessBase"]
[SourceDate "2021.10.06"]
[SourceVersion "1"]
[SourceVersionDate "2021.10.06"]
[SourceQuality "1"]

1. e4 c5 2. Nf3 Nc6 3. d4 cxd4 4. Nxd4 g6 5. c4 Nf6 6. Nc3 Nxd4 7. Qxd4 d6 8. Be2 Bg7 9. Be3 0-0 10. Qd2 Be6 11. 0-0 a5 12. Rad1 Nd7 13. f4 f5 14. exf5 Bxf5 15. Bd4 Bxd4+ 16. Qxd4 Nf6 17. Bf3 Qc8 18. Rfe1 e6 19. b3 h5 20. Nb5 Ne8 21. Nxd6 Nxd6 22. Qxd6 a4 23. Qb6 Rb8 24. Rd6 Rd8 25. Red1 Rxd6 26. Rxd6 axb3 27. axb3 Kf7 28. Qd4 Qf8 29. h3 h4 30. Rd7+ Kg8 31. Bxb7 Re8 32. Qe5 Re7 33. Rxe7 Qxe7 34. Bf3 Qb4 35. c5 Qxb3 36. c6 Qb1+ 37. Kh2 Bxh3 38. c7 1-0

[Event "GRE-chT 46th"]
[Site "Rio Achaia"]
[Date "2018.07.12"]
[Round "4.3"]
[White "Spyratos, Nikolaos"]
[Black "Magklaras, Panagiotis"]
[Result "1-0"]
[WhiteElo "1710"]
[BlackElo "1131"]
[PlyCount "87"]
[EventDate "2018.07.10"]
[EventType "team"]
[EventRounds "7"]
[EventCountry "GRE"]
[SourceTitle "CBM 185 Extra"]
[Source "ChessBase"]
[SourceDate "2018.07.29"]
[SourceVersion "1"]
[SourceVersionDate "2018.07.29"]
[SourceQuality "1"]
[WhiteTeam "Panionios GA"]
[BlackTeam "Heraklion"]
[WhiteTeamCountry "GRE"]
[BlackTeamCountry "GRE"]

1. e4 c5 2. Nf3 g6 3. d4 cxd4 4. Nxd4 Nc6 5. c4 Nf6 6. Nc3 Nxd4 7. Qxd4 d6 8. Be2 Bg7 9. Bg5 0-0 10. Qd2 a5 11. Rc1 a4 12. f3 Be6 13. 0-0 a3 14. b3 Qa5 15. Rfd1 Rfc8 16. Na4 Rc7 17. Qxa5 Rxa5 18. Bd2 Ra7 19. Bb4 Nh5 20. Nc3 Rc8 21. Nb5 Raa8 22. Rc2 Bb2 23. Bc3 Bxc3 24. Nxc3 Nf6 25. f4 Kf8 26. Na4 Rc6 27. Bd3 Rac8 28. Nc3 Ne8 29. Nb5 Ra8 30. h3 h5 31. Nd4 Rcc8 32. Rf2 Ng7 33. f5 gxf5 34. exf5 Bd7 35. f6 Ne6 36. fxe7+ Kxe7 37. Nf5+ Kf8 38. Nxd6 Rc7 39. Rxf7+ Kg8 40. Bh7+ Kh8 41. Bf5 Nf8 42. Bxd7 Rxd7 43. Rxd7 Nxd7 44. Nf7+ 1-0

[Event "GRE-ch U10"]
[Site "Achaia"]
[Date "2017.07.02"]
[Round "9"]
[White "Magklaras, Panagiotis"]
[Black "Ximinis, Ioannis"]
[Result "0-1"]
[WhiteElo "1160"]
[BlackElo "1039"]
[PlyCount "112"]
[EventDate "2017.06.26"]
[EventType "swiss"]
[EventRounds "9"]
[EventCountry "GRE"]
[SourceTitle "EXT 2018"]
[Source "ChessBase"]
[SourceDate "2017.10.13"]
[SourceVersion "1"]
[SourceVersionDate "2017.10.13"]
[SourceQuality "1"]

1. e4 d6 2. d4 Nf6 3. Nc3 c6 4. Bc4 Nbd7 5. Nge2 b5 6. Bd3 e5 7. a3 exd4 8. Nxd4 c5 9. Nf3 a6 10. b3 Bb7 11. 0-0 Be7 12. Re1 0-0 13. h3 Nb6 14. Bf1 Qc7 15. Bf4 Nh5 16. Bh2 Rad8 17. Nd5 Bxd5 18. exd5 c4 19. Nd4 Nf6 20. Nf5 Nbxd5 21. bxc4 bxc4 22. Bxc4 Qxc4 23. Nxe7+ Nxe7 24. Rxe7 Qc3 25. Re3 Qc5 26. Qd2 d5 27. Bg3 Ne4 28. Qd3 f5 29. Be5 d4 30. Ree1 Qxe5 31. f3 Qc5 32. fxe4 fxe4 33. Rxe4 Rc8 34. Rc1 a5 35. Rh4 h6 36. Kh1 Qg5 37. Rg4 Qxc1+ 38. Kh2 Qxc2 39. Qxd4 Qc7+ 40. Rg3 Rcd8 41. Qe3 Rd7 42. Qe6+ Kh8 43. Qe3 Rfd8 44. Qf2 Rd3 45. a4 Qxg3+ 46. Qxg3 Rxg3 47. Kxg3 Rd4 48. Kh2 Rxa4 49. Kg3 Kg8 50. Kh2 Ra3 51. Kg1 Kf7 52. Kh2 Kf6 53. Kg1 Kf5 54. Kh2 Kf4 55. Kh1 Kg3 56. h4 Ra1# 0-1

[Event "GRE-ch U10"]
[Site "Achaia"]
[Date "2017.06.27"]
[Round "3"]
[White "Magklaras, Panagiotis"]
[Black "Alexopoulos, Georgios1111"]
[Result "1-0"]
[WhiteElo "1160"]
[BlackElo "1143"]
[PlyCount "51"]
[EventDate "2017.06.26"]
[EventType "swiss"]
[EventRounds "9"]
[EventCountry "GRE"]
[SourceTitle "EXT 2018"]
[Source "ChessBase"]
[SourceDate "2017.10.13"]
[SourceVersion "1"]
[SourceVersionDate "2017.10.13"]
[SourceQuality "1"]

1. e4 c5 2. Nc3 Nc6 3. f4 g6 4. Nf3 Bg7 5. Bb5 Nd4 6. 0-0 a6 7. Bc4 d6 8. a4 e5 9. fxe5 dxe5 10. Bxf7+ Kf8 11. Kh1 Nxf3 12. Qxf3 Nf6 13. Bc4 Bg4 14. Qxg4 Ke8 15. Qe6+ Qe7 16. Qxe7+ Kxe7 17. Nd5+ Nxd5 18. Bxd5 Raf8 19. Rxf8 Rxf8 20. Kg1 b5 21. axb5 axb5 22. Ra7+ Kf6 23. d3 h6 24. Ra6+ Ke7 25. Rxg6 Bf6 26. Bxh6 1-0

[Event "GRE-ch U10"]
[Site "Porto Rio"]
[Date "2016.07.03"]
[Round "8"]
[White "Michalas, Iason"]
[Black "Magklaras, Panagiotis"]
[Result "0-1"]
[WhiteElo "1078"]
[BlackElo "1150"]
[PlyCount "62"]
[EventDate "2016.06.28"]
[EventType "swiss"]
[EventRounds "9"]
[EventCountry "GRE"]
[SourceTitle "CBM 173 Extra"]
[Source "ChessBase"]
[SourceDate "2016.08.29"]
[SourceVersion "1"]
[SourceVersionDate "2016.08.29"]
[SourceQuality "1"]

1. e4 e5 2. Nf3 Nc6 3. Bb5 a6 4. Ba4 Nf6 5. c3 Bc5 6. d4 exd4 7. cxd4 Bb4+ 8. Bd2 Nxe4 9. Bxb4 Nxb4 10. Qe2 0-0 11. Qxe4 Re8 12. Ne5 f6 13. 0-0 fxe5 14. dxe5 c5 15. Qc4+ Kh8 16. Qxc5 Nd3 17. Qc3 Nxe5 18. Bc2 d5 19. Rd1 Bg4 20. Rd4 Rc8 21. Qd2 Nc4 22. Qc3 Nxb2 23. Qd2 Rxc2 24. h3 Rxd2 25. Rxd2 Qc7 26. Na3 Qc3 27. Rc2 Qxa3 28. hxg4 h6 29. Rb1 Nd3 30. Rb3 Qd6 31. Rxd3 Re1# 0-1